000 00670nam a2200181Ia 4500
008 100920s9999 xx 000 0 und d
082 _b704
_a491.462 थ 69
100 _aकोल्हटकर बाळ.
245 _aदुरितांचे तिमिर जावो.
260 _bग.पां. परचुरे प्रकाशन मन्दिर, मुंबई 4.
_c1969
300 _a103
_bसाधी
365 _b4
520 _aनाटक.
630 _aदुरितांचे तिमिर जावो.
650 _aनाटक.
730 _aदुरितांचे तिमिर जावो.
942 _cBOOK
999 _c671641
_d671638